000 nam a22 a 4500
999 _c56764
_d56764
003 BLK
005 20221212164746.0
008 180408b bul|||||r ||||||| ||bul||
010 _aKNG00060750000
040 _aBLK
041 _aBUL
_cBUL
080 _aЕстетическо възпитание
_b37.036
_z37.036
139 _aЕстетическото възпитание - актуални проблеми
_bЕ 92
245 1 0 _aЕстетическото възпитание - актуални проблеми
_bСб. статии
257 _aBGR
260 _bОФ
_c1981
_aСофия
300 _a528 с.
_c20 см
380 _a3
500 _aСъдържа разделите : Общи проблеми на естетическото възпитание ; Худож. култура и естетическо възпитание ; Проблеми на естетическо възпитание в сферата на труда, бита и междуличностните отношения
504 _aБиблиогр. под линия. - Именен показалец. - Рез. на рус., англ., фр., нем. ез.
650 4 _aЕстетическо възпитание
_9284085
653 _aестетическо възпитание
852 _aЦб 109396
_bЦб
942 _cKNG
_n0
_s1
944 _aCR
_c13.06.2004
_kГеновева_Генчева
944 _aED
_c2022-12-12